| 000 | 00872nam a2200289Ia 4500 | ||
|---|---|---|---|
| 001 | Para_467 | ||
| 003 | CHAP | ||
| 008 | 220125s2000 xx 000 0 und d | ||
| 010 | _a199222 | ||
| 040 | _cCHAP | ||
| 090 | _aPA FOLLETO 3456 | ||
| 111 |
_aForo. Fitosanidad, biotecnología e inocuidad alimentaria (2000:Chapingo, Méx.) _9164521 |
||
| 245 |
_aMemorias / _c ed. por José Alfredo Domínguez Valenzuela |
||
| 260 |
_aChapingo, Méx. : _b UACh |
||
| 300 | _a43 p. | ||
| 650 |
_aBiotecnología _x investigación _912882 |
||
| 650 | _aGenética vegetal | ||
| 650 |
_aPlantas _x mejoramiento _988849 |
||
| 700 |
_aDomínguez Valenzuela, José Alfredo _933907 |
||
| 901 | _aPA FOLLETO 3456 | ||
| 902 | _aA | ||
| 905 | _a0000002000 0000000000 00 | ||
| 910 | _a2000 | ||
| 942 | _cPARA | ||
| 942 |
_cPARA _d1 |
||
| 999 |
_c199222 _d199222 |
||